| 000 | 00000nas 2200000za 4500 |
| 001 | 9.832858 |
| 003 | CaOODSP |
| 005 | 20221107150101 |
| 007 | cr ||||||||||| |
| 008 | 170120i19321935onc|| m|ss|||f000 ||eng|d |
| 022 | # |z1489-596X |
| 040 | |aCaOODSP|beng |
| 041 | |aeng|afre |
| 043 | |an-cn--- |
| 086 | 1 |aCS98-1931B-PDF|zCS98-1931P-1 |
| 130 | 0 |aSeventh census of Canada, 1931, bulletin. |
| 245 | 10|aSeventh census of Canada, 1931, bulletin |h[electronic resource]. |
| 246 | 1 |iSome issues have addit. title: |aSeptième recensement du Canada, 1931, bulletin |
| 246 | 1 |iIssues 14-18 : |aCensus bulletin |
| 260 | |aOttawa : |bDominion Bureau of Statistics, |b |c[1932-1935]. |
| 300 | |a v. |
| 500 | |aSome issues have title: Census bulletin. |
| 500 | |aChiefly tables. |
| 500 | |aSome numbers lithographed. |
| 500 | |aHistorical census publications digitized from print [by Statistics Canada]. |
| 520 | |aCensus bulletins, issued as preliminary to the final volumes of the Seventh census of Canada, 1931. |
| 546 | |aText in English and in French. French text follows the English. |
| 546 | |aSome issues in English only. |
| 692 | 07|2gccst|aCensus |
| 710 | 1 |aCanada. |bDominion Bureau of Statistics. |
| 792 | |tSeventh census of Canada, 1931, bulletin |efre|w(CaOODSP)9.832902 |